000 00676nam a2200181Ia 4500
008 151018s9999 xx 000 0 und d
082 _bRBASDV44851
_a891.434
100 _aतेजपाल सिंह
245 _aउग्र कि जब्तशुदा कहानियाँ
250 _b1
260 _bअनुराग प्रकाशन
_c2007
300 _a144
600 _aतेजपाल सिंह
630 _aउग्र कि जब्तशुदा कहानियाँ
700 _aतेजपाल सिंह
730 _aउग्र कि जब्तशुदा कहानियाँ
942 _cBOOK
999 _c1044043
_d1044040